Culture Générale - Série 1713 - Statistiques

Statistiques générales
  • Ce quiz a été pris 125 fois
  • Le résultat moyen est 7 sur 10
Statistiques - réponses
Question Réponse % Correct
Dans quelle ville européenne se trouve le siège de Scotland Yard ? Londres
99%
Quand on souhaite maintenir les choses en leur état actuel, on dit qu'on maintient le "statu... quo
97%
Sur un scénario de Jacques Prévert, Marcel Carné a réalisé, en 1945 : "Les enfants du... paradis
84%
Selon le naturaliste Buffon, quel animal est la plus noble conquête de l'homme ? cheval
82%
En 1981, quel humoriste et acteur est "le maître d'école" dans un film du même nom ? Coluche
82%
En médecine, quelle effusion de sang due à la rupture d'un vaisseau, peut-être "nasale", "stomacale" ou "cérébrale" ? hémorragie
72%
De quel chanteur l'artiste et navigateur Titouan Lamazou a-t-il illustré l'album "Boucan d'enfer" en 2002 ? Renaud
59%
En 1969, quel chanteur et clarinettiste de jazz interprète “Tu veux, tu veux pas” ? Marcel Zanini
38%
Comment appelle-t-on les habitants de Limoges ? Limougeauds
31%
Quel personnage littéraire, célèbre génie du crime, a été imaginé par Pierre Souvestre et Marcel Allain en 1911 ? Fantômas
24%
Aucun quiz correspondant
Distribution des résultats
% des personnes avec chaque résultat
Percentile par nombre de réponses
Votre historique - résultats
Vous n’avez pas pris ce quiz